000 00752nam a22002417a 4500
005 20170123162347.0
010 _aA-941213
020 _c300.00
035 _aA-941213
037 _bCen Lib/Ret
040 _aDPL
_bUR
082 _a841
_2 ن ظ ا
100 _aمظفر حنفی
_9133287
245 _aکللییات سا غرنظا می
_cمظفر حنفی
246 _alyate saghr nizamee
_bby Hanfi, Muzffer
260 _bنی دہلی
_aموڈرن پبلککن ہاؤس
_c1999
300 _a463p.
_c21cm(Hb)
650 _aاردو ادب
_9133288
650 _aاردو ادب
_v شیری
_9589
650 _aUrdu litrerature
_9590
650 _aUrdu literature
_vPoetry
_9591
942 _2ddc
_cUR
_h841
_m ن ظ ا
999 _c108941
_d108941